Temas urgentes del derecho concursal en el marco de la modernidad líquida (Registro nro. 20948)

Detalles MARC
000 -LEADER
fixed length control field 00370 a2200109 4500
001 - CONTROL NUMBER
control field ART_41707
005 - DATE AND TIME OF LATEST TRANSACTION
control field 20260410161805.0
008 - FIXED-LENGTH DATA ELEMENTS--GENERAL INFORMATION
fixed length control field 260409a
100 1# - MAIN ENTRY--PERSONAL NAME
Personal name Truffat, Edgardo Daniel
245 10 - TITLE STATEMENT
Title Temas urgentes del derecho concursal en el marco de la modernidad líquida
773 0# - HOST ITEM ENTRY
Title Doctrina Societaria y Concursal
Related parts - Nº 313 (dic. 2013)
Record control number REV4298

No hay ítems disponibles.